[Event "AUTO-OPEN-4222"]
[Site "http://www.queenalice.com/game.php?id=1780780"]
[Date "2022.1.19"]
[Round "3"]
[White "arvo1938"]
[Black "jandamian"]
[Result "0-1"]
[WhiteElo "2365"]
[BlackElo "2801"]

1. c4 e5 2. Nc3 Nf6 3. Nf3 Nc6 4. e4 Bb4 5. d3 d6 6. h3 Bc5 7. Be2 O-O 8. O-O a5
9. Bg5 h6 10. Be3 Re8 11. Bxc5 dxc5 12. a3 Nd4 13. Nxd4 cxd4 14. Nd5 Nd7 15. f4
c6 16. fxe5 cxd5 17. cxd5 Nxe5 18. Rc1 Bd7 19. b4 axb4 20. axb4 Qg5 21. Rc7 Bxh3
22. Bf3 Ra1 23. Qxa1 Nxf3+ 24. Kf2 Qxg2# 0-1

[Event "AUTO-OPEN-4222"]
[Site "http://www.queenalice.com/game.php?id=1780781"]
[Date "2022.1.19"]
[Round "3"]
[White "jandamian"]
[Black "cerenzo72"]
[Result "1-0"]
[WhiteElo "2802"]
[BlackElo "2083"]

1. e4 e5 2. Nf3 d6 3. d4 exd4 4. Nxd4 g6 5. Nc3 Bg7 6. Be3 Nf6 7. Qd2 O-O 8.
O-O-O Nc6 9. f3 Bd7 10. g4 Nxd4 11. Bxd4 Bc6 12. h4 Qe7 13. h5 gxh5 14. gxh5 h6
15. Rg1 Kh7 16. Bd3 Kg8 17. Qxh6 1-0

[Event "AUTO-OPEN-4222"]
[Site "http://www.queenalice.com/game.php?id=1780782"]
[Date "2022.1.19"]
[Round "3"]
[White "cerenzo72"]
[Black "jandamian"]
[Result "0-1"]
[WhiteElo "2171"]
[BlackElo "2804"]

1. e4 e6 2. Nf3 d5 3. e5 c5 4. Bb5+ Bd7 5. Bxd7+ Nxd7 6. c3 c4 7. a4 Qc7 8. Qe2
Ne7 9. O-O Ng6 10. d4 cxd3 11. Qxd3 Ndxe5 12. Nxe5 Nxe5 13. Qb5+ Qc6 14. Qxc6+
Nxc6 15. b4 Bd6 16. b5 Na5 17. Nd2 Rc8 18. Bb2 Nc4 19. Nxc4 Rxc4 20. g3 O-O 21.
Rad1 Rxa4 0-1

[Event "AUTO-OPEN-4278"]
[Site "http://www.queenalice.com/game.php?id=1787427"]
[Date "2022.4.21"]
[Round "3"]
[White "Rog3rJJ"]
[Black "jandamian"]
[Result "0-1"]
[WhiteElo "2248"]
[BlackElo "2818"]

1. e4 c5 2. Nf3 d6 3. d4 cxd4 4. Nxd4 Nf6 5. Nc3 a6 6. Bc4 e6 7. Bb3 b5 8. a3
Be7 9. O-O O-O 10. Qf3 Qc7 11. h3 Nbd7 12. Qe2 Bb7 13. Bxe6 fxe6 14. Nxe6 Qc6
15. Nxf8 Rxf8 16. Re1 Bd8 17. f3 Ne5 18. Nd1 Nh5 19. Qf2 d5 20. exd5 Qxd5 21.
Nc3 Qd6 22. Ne4 Qg6 0-1

[Event "AUTO-OPEN-4278"]
[Site "http://www.queenalice.com/game.php?id=1787428"]
[Date "2022.4.21"]
[Round "3"]
[White "jandamian"]
[Black "Rog3rJJ"]
[Result "1-0"]
[WhiteElo "2810"]
[BlackElo "2272"]

1. e4 c5 2. Nf3 d6 3. d4 cxd4 4. Nxd4 Nf6 5. Nc3 a6 6. Bc4 e6 7. Bb3 b5 8. O-O
Be7 9. Qf3 Qc7 10. Qg3 Nh5 11. Qg4 g6 12. Bh6 Nf6 13. Qe2 Nc6 14. Nxc6 Qxc6 15.
Bg7 Rg8 16. Bxf6 Bxf6 17. Bd5 1-0

[Event "AUTO-OPEN-4375"]
[Site "http://www.queenalice.com/game.php?id=1791484"]
[Date "2022.6.25"]
[Round "1"]
[White "jandamian"]
[Black "profeta"]
[Result "1-0"]
[WhiteElo "2806"]
[BlackElo "1698"]

1. e4 e5 2. Nf3 Nc6 3. Bc4 Nf6 4. d4 Nxe4 5. dxe5 d6 6. Bxf7+ Kxf7 7. Qd5+ Be6
8. Qxe4 d5 9. Qf4+ Ke8 10. Be3 h6 11. Nc3 Bb4 12. O-O Rf8 13. Qg3 g5 14. Nb5 a6
15. Nfd4 Nxd4 16. Nxd4 Qe7 17. c3 Bc5 18. Nxe6 Qxe6 19. Bxc5 Rf4 20. Qd3 Kd7 21.
Rad1 b6 22. Be3 Rf5 23. Qxd5+ Qxd5 24. Rxd5+ Ke8 25. Rfd1 Rf8 26. Rd7 Rd8 27.
Rxd8+ Kf7 28. R1d7+ Kg8 29. e6 Rxd8 30. Rxd8+ Kg7 31. e7 Kg6 32. e8=Q+ Kf5 33.
Qf7+ Ke4 34. Qd5# 1-0

[Event "AUTO-OPEN-4375"]
[Site "http://www.queenalice.com/game.php?id=1791485"]
[Date "2022.6.25"]
[Round "1"]
[White "profeta"]
[Black "jandamian"]
[Result "0-1"]
[WhiteElo "1680"]
[BlackElo "2805"]

1. e4 c5 2. Qf3 Nc6 3. Nc3 e6 4. Qd1 Nf6 5. Nf3 d5 6. Bb5 Nxe4 7. Nxe4 dxe4 8.
Ne5 Qd6 9. d4 cxd4 10. Bxc6+ bxc6 11. Bf4 Ba6 12. Qh5 g6 13. Qg5 Be7 14. Qg3
Qb4+ 15. Bd2 Qxb2 16. Qc3 dxc3 17. Rd1 cxd2+ 18. Kxd2 e3+ 19. fxe3 Bb4# 0-1

[Event "AUTO-OPEN-4375"]
[Site "http://www.queenalice.com/game.php?id=1791486"]
[Date "2022.6.25"]
[Round "1"]
[White "jandamian"]
[Black "Artking"]
[Result "1-0"]
[WhiteElo "2807"]
[BlackElo "2042"]

1. Nf3 Nf6 2. c4 c6 3. d4 g6 4. Nc3 Bg7 5. e4 d6 6. Be2 Nbd7 7. O-O O-O 8. Be3
e5 9. d5 c5 10. Ne1 a6 11. Kh1 Ne8 12. g4 f5 13. gxf5 gxf5 14. exf5 Rxf5 15. Nf3
e4 16. Nxe4 Rxf3 17. Bxf3 Ne5 18. Bg5 Nf6 19. Qe2 Qf8 20. Rg1 Nxf3 21. Nxf6+ 1-0

[Event "AUTO-OPEN-4375"]
[Site "http://www.queenalice.com/game.php?id=1791487"]
[Date "2022.6.25"]
[Round "1"]
[White "Artking"]
[Black "jandamian"]
[Result "0-1"]
[WhiteElo "2072"]
[BlackElo "2811"]

1. e4 c5 2. Nf3 d6 3. d4 cxd4 4. Nxd4 Nf6 5. Nc3 a6 6. Be3 e5 7. Nb3 Be6 8. f3
Be7 9. Qd2 O-O 10. g4 d5 11. exd5 Nxd5 12. Nxd5 Bh4+ 13. Bf2 Bxd5 14. Bxh4 Qxh4+
15. Qf2 Qf6 16. Be2 Rd8 17. O-O-O Nc6 18. h4 Rac8 19. Kb1 h5 20. Rdg1 Nb4 21.
Bd1 Be4 22. gxh5 Bxc2+ 23. Ka1 e4 0-1

[Event "AUTO-OPEN-4375"]
[Site "http://www.queenalice.com/game.php?id=1791488"]
[Date "2022.6.25"]
[Round "1"]
[White "jandamian"]
[Black "maurice916"]
[Result "1-0"]
[WhiteElo "2809"]
[BlackElo "1907"]

1. e4 e6 2. d4 d5 3. Nc3 c5 4. exd5 exd5 5. Bb5+ Nc6 6. dxc5 Bxc5 7. Qxd5 Qe7+
8. Ne4 Bd7 9. Ne2 Bb6 10. Bg5 f6 11. Bf4 a6 12. Bc4 O-O-O 13. Nd6+ Kb8 14. Nf5+
Ka7 15. Nxe7 Ngxe7 16. Qf3 Bf5 17. Be3 Bxc2 18. Bxb6+ Kxb6 19. Qc3 Bg6 20. O-O
Rc8 21. Qe3+ Kc7 22. Nf4 1-0

[Event "AUTO-OPEN-4375"]
[Site "http://www.queenalice.com/game.php?id=1791489"]
[Date "2022.6.25"]
[Round "1"]
[White "maurice916"]
[Black "jandamian"]
[Result "0-1"]
[WhiteElo "1941"]
[BlackElo "2812"]

1. d4 d5 2. c4 e6 3. Nc3 Nf6 4. Bg5 Be7 5. Nf3 h6 6. Bh4 O-O 7. e3 b6 8. cxd5
Nxd5 9. Bxe7 Qxe7 10. Bd3 Nxc3 11. bxc3 c5 12. O-O Bb7 13. Re1 Rd8 14. Bc2 Nd7
15. Qd3 Nf8 16. Ne5 Rac8 17. Bb1 Qg5 18. e4 cxd4 19. cxd4 Qc1 20. Rxc1 Rxc1+ 21.
Qf1 Rxf1+ 22. Kxf1 Rxd4 23. f3 Rd2 24. a4 f6 25. Ng4 Ba6+ 26. Kg1 Rd1+ 27. Kf2
Bd3 28. Ra3 Bxb1 29. Rc3 Rd2+ 30. Ke3 Rxg2 31. Rc7 Bxe4 0-1

[Event "AUTO-OPEN-4394"]
[Site "http://www.queenalice.com/game.php?id=1797304"]
[Date "2022.10.2"]
[Round "1"]
[White "serinha"]
[Black "jandamian"]
[Result "1-0"]
[WhiteElo "2693"]
[BlackElo "2828"]

1. f4 d5 2. Nf3 g6 3. g3 Nf6 4. Bg2 c5 5. O-O Bg7 6. d3 O-O 7. Ne5 Ng4 8. Nxg4
Bxg4 9. Nc3 d4 10. Ne4 Qc8 11. Bd2 c4 12. Qe1 Bh3 13. Qf2 Bxg2 14. Qxg2 Na6 15.
g4 c3 16. bxc3 dxc3 17. Bc1 Nc5 18. Ng5 Ne6 19. f5 Qc5+ 20. Kh1 Nxg5 21. Bxg5 h6
22. Bh4 g5 23. Bf2 Bd4 24. Bxd4 Qxd4 25. a4 Rab8 26. Qg1 Qe5 27. e4 b6 28. Qg3
Qc5 29. Kg2 Kg7 30. f6+ exf6 31. Rf5 Qc6 32. Raf1 Rbe8 33. Rxf6 Re6 34. R6f5 f6
35. a5 Qd6 36. h4 Qxg3+ 37. Kxg3 Rc8 38. h5 Rc5 39. axb6 axb6 40. Rb1 Rc7 41.
Kf3 Ra7 42. Rb3 Rc6 43. d4 Ra2 44. d5 Rc4 45. Rxb6 Rxc2 46. Rbxf6 Rc7 47. d6 Rb7
48. Rg6+ Kh7 49. Rc5 Rf7+ 50. Ke3 Ra2 51. Rc7 Ra7 52. Rxf7+ Rxf7 53. Kd3 Ra7 54.
e5 1-0

[Event "AUTO-OPEN-4394"]
[Site "http://www.queenalice.com/game.php?id=1797305"]
[Date "2022.10.2"]
[Round "1"]
[White "jandamian"]
[Black "serinha"]
[Result "1/2-1/2"]
[WhiteElo "2831"]
[BlackElo "2690"]

1. d4 g6 2. c4 Nf6 3. Nc3 d5 4. cxd5 Nxd5 5. Nf3 Nxc3 6. bxc3 Bg7 7. e4 c5 8.
Be3 Qa5 9. Qd2 Nc6 10. Rb1 a6 11. Rc1 cxd4 12. cxd4 Qxd2+ 13. Kxd2 O-O 14. d5
Rd8 15. Bb6 Bh6+ 16. Be3 Bg7 17. Kc2 Nb8 18. Bd3 e6 19. Bc4 b5 20. Bb3 Bb7 21.
Kb1 a5 22. Bb6 Re8 23. Rc7 a4 24. Bc2 Bc8 25. d6 e5 26. Rd1 Nd7 27. Be3 Bf8 28.
Rd5 Rd8 29. Bg5 f6 30. Be3 Nb8 31. d7 Bxd7 32. Bd3 Be7 33. Bxb5 Bxb5 34. Rxb5
Bf8 35. Rc4 a3 36. Nd2 Na6 37. Nb3 Rd1+ 38. Nc1 Rdd8 39. Rc6 f5 40. exf5 gxf5
41. Bg5 Rdb8 42. Rcb6 Rxb6 43. Rxb6 Nc5 44. f3 f4 45. Bh4 Ra7 46. Bf2 Rd7 47.
Rb8 Na4 48. Kc2 Rg7 49. g3 e4 50. fxe4 Rc7+ 51. Kd2 Nc3 52. Bb6 Nxe4+ 53. Kd3
Rxc1 54. Kxe4 fxg3 1/2-1/2

[Event "AUTO-OPEN-4394"]
[Site "http://www.queenalice.com/game.php?id=1797328"]
[Date "2022.10.2"]
[Round "1"]
[White "Fredo"]
[Black "jandamian"]
[Result "0-1"]
[WhiteElo "2054"]
[BlackElo "2828"]

1. d4 d5 2. Nf3 Nf6 3. e3 e6 4. Bd3 c5 5. c3 b6 6. O-O Bb7 7. Nbd2 Nc6 8. e4
dxe4 9. Nxe4 cxd4 10. Nxf6+ gxf6 11. Nxd4 Nxd4 12. cxd4 Qd5 13. f3 Qxd4+ 14. Kh1
Bc5 15. Bb5+ Ke7 16. Qxd4 Bxd4 17. Rb1 Rhd8 18. b3 Rac8 19. Ba3+ Bc5 20. Bxc5+
Rxc5 21. Bc4 b5 22. Be2 Rd2 23. Rfe1 Rcc2 24. Bf1 Rxa2 25. Rec1 Kd6 26. Rd1 Kc5
27. Rxd2 Rxd2 28. b4+ Kb6 29. Kg1 Bd5 0-1

[Event "AUTO-OPEN-4394"]
[Site "http://www.queenalice.com/game.php?id=1797329"]
[Date "2022.10.2"]
[Round "1"]
[White "jandamian"]
[Black "Fredo"]
[Result "1-0"]
[WhiteElo "2827"]
[BlackElo "2056"]

1. e4 c5 2. Nf3 d6 3. d4 cxd4 4. Nxd4 Nf6 5. Nc3 a6 6. Bc4 e6 7. Bb3 Be7 8. O-O
O-O 9. a4 Nc6 10. Be3 Bd7 11. f3 Qc7 12. Qd2 Ne5 13. a5 Rac8 14. Nde2 Nc4 15.
Bxc4 Qxc4 16. Rfd1 d5 17. exd5 exd5 18. Nf4 Bb4 19. Bd4 Bc5 20. Bxc5 Qxc5+ 21.
Qd4 Qxd4+ 22. Rxd4 Rxc3 23. bxc3 Bc6 24. Re1 Nd7 25. Nxd5 Bxd5 26. Rxd5 Nf6 27.
Rd6 h6 28. Rb1 Rb8 29. Rxa6 1-0

[Event "AUTO-OPEN-4375"]
[Site "http://www.queenalice.com/game.php?id=1798757"]
[Date "2022.10.28"]
[Round "2"]
[White "Canaye"]
[Black "jandamian"]
[Result "0-1"]
[WhiteElo "1819"]
[BlackElo "2826"]

1. d4 d5 2. c4 e6 3. Nc3 Nf6 4. cxd5 exd5 5. h3 Bd6 6. e3 O-O 7. Bd3 Re8 8. Nge2
a6 9. O-O b5 10. a3 Nbd7 11. b4 Nb6 12. Qc2 Bb7 13. Re1 Nc4 14. Nd1 a5 15. bxa5
Rxa5 16. Nb2 Rxa3 17. Rxa3 Nxa3 18. Qb3 Bc6 19. Bd2 Qe7 20. Nc3 Nc4 21. Bc1 Ra8
22. Nb1 Ra1 23. Bxc4 bxc4 24. Qc2 Qe4 25. Qxe4 Nxe4 26. Kf1 Rxb1 0-1

[Event "AUTO-OPEN-4375"]
[Site "http://www.queenalice.com/game.php?id=1798758"]
[Date "2022.10.28"]
[Round "2"]
[White "jandamian"]
[Black "Canaye"]
[Result "1-0"]
[WhiteElo "2825"]
[BlackElo "1887"]

1. e4 e6 2. d4 d5 3. Nc3 dxe4 4. Nxe4 Nd7 5. Nf3 Ngf6 6. Nxf6+ Nxf6 7. c3 c5 8.
Be3 cxd4 9. Bxd4 Be7 10. Bd3 O-O 11. O-O Qc7 12. Be5 Qb6 13. a4 a5 14. Nd2 Rd8
15. Qc2 g6 16. Nc4 Qc7 17. Bxc7 1-0

[Event "AUTO-OPEN-4375"]
[Site "http://www.queenalice.com/game.php?id=1798763"]
[Date "2022.10.28"]
[Round "2"]
[White "Pin"]
[Black "jandamian"]
[Result "0-1"]
[WhiteElo "2035"]
[BlackElo "2829"]

1. d4 Nf6 2. c4 g6 3. Nc3 Bg7 4. Nf3 O-O 5. g3 d5 6. Bg2 dxc4 7. O-O Nc6 8. e4
Bg4 9. Be3 Nd7 10. Rc1 e5 11. d5 Nd4 12. Bxd4 exd4 13. Nb5 d3 14. Rxc4 Ne5 15.
Rxc7 a6 16. Rxb7 axb5 17. a3 Qf6 18. Rxb5 Nxf3+ 19. Bxf3 Qxf3 20. Qxf3 Bxf3 0-1

[Event "AUTO-OPEN-4375"]
[Site "http://www.queenalice.com/game.php?id=1798764"]
[Date "2022.10.28"]
[Round "2"]
[White "jandamian"]
[Black "Pin"]
[Result "1-0"]
[WhiteElo "2830"]
[BlackElo "2116"]

1. e4 c5 2. Nf3 d6 3. d4 cxd4 4. Nxd4 Nf6 5. Nc3 a6 6. Bc4 e6 7. Bb3 Be7 8. O-O
b5 9. Qf3 O-O 10. e5 Nd5 11. Nxd5 exd5 12. Qxd5 Ra7 13. e6 fxe6 14. Nxe6 Bxe6
15. Qxe6+ Kh8 16. Be3 Rd7 17. Qh3 Bf6 18. c3 Nc6 19. Bc2 g5 20. Bb6 Qxb6 21.
Qxd7 Ne7 22. Rad1 Rd8 23. Qh3 1-0

[Event "AUTO-OPEN-4375"]
[Site "http://www.queenalice.com/game.php?id=1816261"]
[Date "2023.7.14"]
[Round "3"]
[White "jandamian"]
[Black "bishop55"]
[Result "0-1"]
[WhiteElo "2817"]
[BlackElo "2482"]

1. Nf3 d5 2. d4 Nf6 3. c4 e6 4. Nc3 Bb4 5. cxd5 exd5 6. Bg5 O-O 7. e3 h6 8. Bh4
Bf5 9. Qb3 Bxc3+ 10. Qxc3 g5 11. Bg3 Ne4 12. Qxc7 Nc6 13. Qxd8 Rfxd8 14. Bb5
Rac8 15. Ke2 a6 16. Bxc6 Rxc6 17. Rhc1 Rdc8 18. Rxc6 Rxc6 19. Ne1 Rb6 20. b3 Rc6
21. f3 Nc3+ 22. Kd2 Nb1+ 23. Ke2 f6 24. Kf2 Kf7 25. Bb8 h5 26. h3 Bg6 27. Ke2
Ke6 28. Kd1 h4 29. Bh2 Kd7 0-1

[Event "AUTO-OPEN-4375"]
[Site "http://www.queenalice.com/game.php?id=1816262"]
[Date "2023.7.14"]
[Round "3"]
[White "bishop55"]
[Black "jandamian"]
[Result "1-0"]
[WhiteElo "2497"]
[BlackElo "2802"]

1. e4 c5 2. Nf3 d6 3. d4 cxd4 4. Nxd4 Nf6 5. Nc3 a6 6. f3 e6 7. Be3 b5 8. Qd2
Nbd7 9. g4 h6 10. a3 Bb7 11. O-O-O Rc8 12. h4 d5 13. Rg1 dxe4 14. g5 hxg5 15.
hxg5 Nd5 16. Nxd5 Bxd5 17. fxe4 Bxe4 18. Bg2 Nc5 19. Bxe4 Nxe4 20. Qe2 Qd5 21.
Kb1 Be7 22. Rge1 Rd8 23. Qg4 Rh2 24. Nf3 Qxd1+ 25. Rxd1 Rxd1+ 26. Ka2 Nf2 27.
Qf4 Bd6 28. Ne5 Bxe5 29. Qxe5 1-0